| 000 | 00812nam a2200205 i 4500 | ||
|---|---|---|---|
| 001 | 180468 | ||
| 003 | ES-MaACL | ||
| 005 | 20250820063054.0 | ||
| 008 | 120606s1972 sp |||| | spa d | ||
| 080 | _a564(467.12)(043.2) | ||
| 100 | 1 |
_aRenzi, Miquel de, _d1941- _9150395 |
|
| 245 | 1 | 4 |
_aLas faunas de moluscos fósiles del Eoceno inferior del prepirineo de Lérida / _cpor Miguel de Renzi de la Fuente. |
| 260 |
_aBarcelona : _bUniversidad de Barcelona, Secretariado de Publicaciones, Intercambio Científico y Extensión Universitaria], _c1972. |
||
| 300 |
_a10 p. ; _c24 cm. |
||
| 502 | _aResumen de tesis--Universidad Barcelona. | ||
| 650 | 4 |
_aMoluscos fósiles- _zLérida. _9150396 |
|
| 710 | 2 |
_aUniversidad de Barcelona. _97141 |
|
| 852 |
_aES-MaACL _jE-15362(61) |
||
| 999 |
_c180468 _d180468 |
||